Fr. Conceicao Rodrigues College of Engineering

Precision Tool making And Measurement (Record no. 29285)

MARC details
000 -LEADER
fixed length control field 00334nam a2200133Ia 4500
082 ## - DEWEY DECIMAL CLASSIFICATION NUMBER
Classification number 621.9
100 ## - MAIN ENTRY--PERSONAL NAME
Personal name Maskiell/E.C/ Galbraith/W
245 ## - TITLE STATEMENT
Title Precision Tool making And Measurement
260 ## - PUBLICATION, DISTRIBUTION, ETC.
Name of publisher, distributor, etc. Mc Graw Hill
Place of publication, distribution, etc. Sydney
Date of publication, distribution, etc. 1978
300 ## - PHYSICAL DESCRIPTION
Extent 184
546 ## - LANGUAGE NOTE
Language note ENGLISH
654 ## - SUBJECT ADDED ENTRY--FACETED TOPICAL TERMS
Focus term Precision Tool making And Measurement
942 ## - ADDED ENTRY ELEMENTS (KOHA)
Koha item type BOOK
Holdings
Withdrawn status Lost status Damaged status Not for loan Collection Home library Current library Shelving location Date acquired Source of acquisition Cost, normal purchase price Inventory number Total Checkouts Full call number Barcode Date last seen Cost, replacement price Price effective from Koha item type
        AFT Fr. Agnel's C.Rodrigues College of Engineering Fr. Agnel's C.Rodrigues College of Engineering   17/03/2023 UBC 283.80 2779   621.9 AFT4540 17/03/2023 283.80 17/03/2023 BOOK